|
|
|
|
| LEADER |
00974nab a2200253 i 4500 |
| 001 |
publ13104 |
| 005 |
20200218161714.0 |
| 008 |
180321s2017 hu o 0|| zxx d |
| 022 |
|
|
|a 1420-3049
|
| 024 |
7 |
|
|a 10.3390/molecules22020199
|2 doi
|
| 024 |
7 |
|
|a 3172749
|2 mtmt
|
| 040 |
|
|
|a SZTE Publicatio Repozitórium
|b hun
|
| 041 |
|
|
|a zxx
|
| 100 |
1 |
|
|a Hunyadi Attila
|
| 245 |
1 |
0 |
|a Backstabbing P-gp
|h [elektronikus dokumentum] :
|b side-chain cleaved ecdysteroid 2,3-dioxolanes hyper-sensitize MDR cancer cells to doxorubicin without efflux inhibition /
|c Hunyadi Attila
|
| 260 |
|
|
|a MDPI AG
|c 2017
|
| 300 |
|
|
|a Azonosító: 199-Terjedelem: 10 p.
|
| 490 |
0 |
|
|a Molecules
|v 22 No. 2
|
| 700 |
0 |
1 |
|a Csábi József
|e aut
|
| 700 |
0 |
1 |
|a Martins Ana
|e aut
|
| 700 |
0 |
1 |
|a Molnár József
|e aut
|
| 700 |
0 |
1 |
|a Balázs Attila
|e aut
|
| 700 |
0 |
1 |
|a Tóth Gábor
|e aut
|
| 856 |
4 |
0 |
|u http://publicatio.bibl.u-szeged.hu/13104/1/2017%20Hunyadi%20et%20al%20Molecules%20backstabbing%20Pgp.pdf
|z Dokumentum-elérés
|